000 00757nam a2200277 i 4500
001 C2-0267876
003 PPAK
005 20180727234951.0
008 060808s2005 my |||| ||||| | may d
020 _a9831980263
040 _aPPAK
_beng
_cPPAK
_erda
082 0 4 _a899.233
_223
090 0 0 _a899.233
_bAZA
_dG
090 0 0 _a899.233
_bAZA
_dK
100 0 _aAzarina Badrul,
_eauthor
245 1 0 _aTerjebak di dunia angkasa moden
264 1 _aKuala Lumpur :
_bJade Green Publications ,
_c2005
300 _a100 pages ;
_c19 cm
336 _2rdacontent
_atext
337 _2rdamedia
_aunmediated
338 _2rdacarrier
_avolume
490 1 _aSiri lompatan quantum
650 1 0 _aMalay fiction
830 0 _aSiri lompatan quantum
942 _ddc
_cB
999 _c76779
_d76779